Regionálne disparity v Európskej únii v oblasti inovácií a životného prostredia

Regionálne disparity v Európskej únii. Inovačná výkonnosť a jej územné rozloženie. Regionálne disparity v Európskej únii v oblasti životného prostredia - hodnotenie z hľadiska vybraných ukazovateľov - zmena klímy, príroda a biodiverzita, prírodné zdroje (voda, pôda a odpady).

Gespeichert in:
Bibliographische Detailangaben
1. Verfasser: Hudec, Oto
Weitere Verfasser: Bilá, Anna
Format: Buchkapitel
Sprache:Slowakisch
Schlagworte:
Tags: Tag hinzufügen
Keine Tags, Fügen Sie das erste Tag hinzu!

MARC

LEADER 00000naa$a2200000$$$4500
001 0075468
005 20231128132601.9
041 0 |a slo 
044 |a SK 
245 1 0 |a Regionálne disparity v Európskej únii v oblasti inovácií a životného prostredia  |c Oto Hudec, Anna Bilá 
520 |a Regionálne disparity v Európskej únii. Inovačná výkonnosť a jej územné rozloženie. Regionálne disparity v Európskej únii v oblasti životného prostredia - hodnotenie z hľadiska vybraných ukazovateľov - zmena klímy, príroda a biodiverzita, prírodné zdroje (voda, pôda a odpady). 
610 2 0 |a inovácia 
610 2 0 |a prostredie životné 
610 2 0 |a rozvoj hospodársky 
610 2 0 |a prosperita ekonomická 
610 2 0 |a disparita 
610 2 0 |a regióny 
610 2 0 |a Európska únia 
100 1 |a Hudec, Oto 
700 1 |a Bilá, Anna